| 000 | 01062nam a2200217 a 4500 | ||
|---|---|---|---|
| 001 | 4130 | ||
| 005 | 20140414131936.0 | ||
| 008 | 090210s19uu xx 00 eng d | ||
| 020 | _a0-8239-6112-5 | ||
| 050 |
_aREF 629.133 _bC32 2002 |
||
| 100 | _aCefrey, Holly | ||
| 245 |
_aSuper jumbo jets : _binside and out / _cby Holly Cefrey. |
||
| 250 | _a1st ed. | ||
| 260 |
_aNew York : _bRosen, _cc2002. |
||
| 300 | _a47 p. : col., ill. ; cm. | ||
| 440 | _aTechnology--blueprints of the future | ||
| 500 | _aIncludes bibliographical references and index | ||
| 520 | _aContents: To super jumbo, or not to super jumbo?-- A competition-- Try, try again: humans in flight--Old rivalry, new planes--The Concorde--Forces of flight-- The Airbus A380-- Jet engines: msters of thrust--Turbofan power-- Looking inside a turbofan--Airbus cutaway--The jumbo generation--An international project--Construction--Super jumbo design--High tech materials--Interiors--The future--Major Airlines of the World. | ||
| 650 |
_aJet transports _xJuvenile literature. |
||
| 999 |
_c112434 _d112434 |
||